01436nab a2200361 a 450000100060000000300080000600500170001400600190003100700150005000800410006502200140010603500210012004000260014105000230016708000080019008200120019822200380021024502180024826000560046630000130052231000190053536200250055453301640057965000400074365000240078365000500080765000430085765500320090070000440093271000190097685600620099599900170105726969FlNmELB20241216215938.0m o d | cr cn|||||||||201106r2004 cu |||||s|||||||||||spa d a1609-4808 a(OCoLC)955452885 aFlNmELBbspacFlNmELB 4aLB2300bE9649 2004 a37804a378222 0aRevista Pedagogía Universitaria00aExperiencias acerca del uso de la computación en la enseñanza de la disciplina matemática para las carreras de ingeniería en Cubah[recurso electronico] /cArístides Alejandro Legrá Lovaina . [et al.]. aLa Habana (Cuba) :bEditorial Universitaria,c2004. a13-26 p. acinco al año0 aVol. 9, No. 2(2004)- aRecurso electrónico. Santa Fe, Arg.: e-libro, 2015. Disponible vía World Wide Web. El acceso puede estar limitado para las bibliotecas afiliadas a e-libro. 4aEducación.xEducación superior. 4aEducation.xHigher. 4aEducación.xEstudiantes y vida estudiantil. 4aEducation.xStudents and student life. 4aArtículos electrónicos.1 aLegrá Lovaina, Arístides Alejandro.2 ae-libro, Corp.40uhttps://elibro.net/ereader/politecnicointernacional/22391 c26969d26969